000 00369nam a22001457a 4500
003 OSt
005 20160727222346.0
008 160621b xxu||||| |||| 00| 0 eng d
040 _cTEST
100 _9265
_a Grewal, T, S
245 _aAnalysis of Financial Statements
260 _aN.D
_b Sultan Chand
_c1996
300 _aAnalysis of Financial Statements
942 _2ddc
_cBK
999 _c213
_d213